The selected poems of Frank O'Hara
Պահպանված է:
| Հիմնական հեղինակ: | |
|---|---|
| Ձևաչափ: | Գիրք |
| Լեզու: | անգլերեն |
| Հրապարակվել է: |
Nueva York
Vintage Books
1974
|
| Խորագրեր: | |
| Ցուցիչներ: |
Ավելացրեք ցուցիչ
Չկան պիտակներ, Եղեք առաջինը, ով նշում է այս գրառումը!
|
MARC
| LEADER | 00000nam a2200000 a 4500 | ||
|---|---|---|---|
| 001 | UCO5021 | ||
| 003 | CL-VaPUC | ||
| 008 | 000825e19740000US |||||||||||||||||eng|d | ||
| 082 | 0 | 4 | |a 811 |b ALL |2 21 |
| 100 | 0 | |a Allen, Donald |e author |9 449757 | |
| 245 | 1 | 4 | |a The selected poems of Frank O'Hara |
| 300 | |a 233 p | ||
| 942 | |c BK | ||
| 945 | |d 20000825 00:00:00 |a crobeson | ||
| 260 | |a Nueva York |b Vintage Books |c 1974 | ||
| 600 | 0 | 7 | |a O'HARA, FRANK |2 CL-VaPUC |9 449758 |
| 650 | 7 | |a POESIAS ESTADOUNIDENSES |2 CL-VaPUC |9 449759 | |
| 650 | 0 | |a Literatura estadounidense |9 317168 | |
| 583 | |a last modification |c 20000825 00:00:00 |k Rodrigo Vera | ||
| 999 | |c 290978 |d 290976 | ||